Tender is the night

Bewaard in:
Bibliografische gegevens
Hoofdauteur: Fitzgerald, F. Scott (Auteur)
Formaat: Boek
Taal:Engels
Gepubliceerd in: Londres Wordsworth Editions 1994
Editie:1a. ed
Reeks:Wordsworth Classics
Onderwerpen:
Tags: Voeg label toe
Geen labels, Wees de eerste die dit record labelt!

MARC

LEADER 00000cam a2200000 a 4500
001 UCF6173
003 CL-VaPUC
008 130418e19940000UK |||||||||||||||||eng|d
020 |a 1853260975 
082 0 4 |a 813  |b FIT  |2 21 
100 0 |a Fitzgerald, F. Scott  |e author  |9 568211 
245 1 0 |a Tender is the night 
250 |a 1a. ed 
300 |a 337 p 
942 |c BK 
945 |d 20130418 00:00:00  |a cmena 
260 |a Londres  |b Wordsworth Editions  |c 1994 
650 0 |a Novelas estadounidenses  |9 265217 
650 0 |a Alta sociedad  |9 568212 
650 0 |a Literatura estadounidense  |9 317168 
583 |a last modification  |c 20130418 10:21:00  |k Rodrigo Vera 
490 0 |a Wordsworth Classics 
999 |c 351486  |d 351484 
952 |0 0  |1 0  |4 0  |6 813_000000000000000_FIT_1994  |7 0  |8 A  |9 455623  |a BIBEDU  |b BIBEDU  |d 2019-11-22  |i 4947290  |o 813 FIT 1994  |p 4947290  |r 2019-11-22  |w 2019-11-22  |y BK  |k LIT